000 00210 a2200097 4500
001 14737
100 _aHarris J
245 _aMuch sounding of bugles
260 _aLondon
_bHutchinson
_c
090 _c11517
_d11517
942 _aNUST-CAE
_cM
_c1689
999 _c249810
_d249810